|
|
|
|
| LEADER |
00000nab a2200000 a 4500 |
| 001 |
vtls000533814 |
| 003 |
SK-MaSNL |
| 005 |
20260304094839.0 |
| 008 |
250425c1994 xo 0 slo |
| 015 |
|
|
|a SNBRB19rr/mm-uuuuu
|
| 035 |
|
|
|a CL0533952
|
| 035 |
|
|
|a urn:nbn:sk:snk-abbosy
|
| 035 |
|
|
|a (urnnbn)urn:nbn:sk:snk:ar-002m94
|
| 035 |
|
|
|a (uuid)e3faf207-8c97-4853-b0c7-19c4644ed644
|
| 040 |
|
|
|a SNKBUCL
|b slo
|c SNKBUCL
|e AACR2
|
| 041 |
0 |
|
|a slo
|
| 044 |
|
|
|a xo
|c SK
|
| 080 |
|
|
|a 885.4-1
|2 1981
|
| 100 |
1 |
|
|a Belková, Mária
|4 aut
|9 617760
|
| 245 |
1 |
0 |
|a (Bez)nádejné
|c Mária Belková
|
| 500 |
|
|
|a V rubrike Katapult, inform. o aut. na s. 31
|
| 650 |
0 |
7 |
|a miniatúry básnické
|2 snkbucl
|9 900261
|
| 655 |
|
7 |
|a články z novín a časopisov
|2 snkbucl
|9 267496
|
| 773 |
0 |
|
|t Dotyky
|g Roč. 6, č. 10 (1994), s. 28
|
| 850 |
|
|
|a Slovenská národná knižnica
|
| 852 |
|
|
|a Slovenská národná knižnica
|
| 958 |
|
|
|a article15
|
| 958 |
|
|
|a OND
|
| 958 |
|
|
|a RK
|
| 958 |
|
|
|a LX
|
| 958 |
|
|
|a EUIPO
|
| 992 |
|
|
|a RBX
|
| 999 |
|
|
|c 2829267
|d 2831197
|